Statistics for Top 20 Most Famous Best Director Oscar Winners

Click here to take the quiz!

General Stats

  • This quiz has been taken 581 times
  • The average score is 9 of 20

Answer Stats

%Director% Correct
92Steven Spielberg
94%
81Martin Scorsese
73%
81James Cameron
66%
65Francis Ford Coppola
65%
84Clint Eastwood
61%
77Peter Jackson
45%
61Woody Allen
44%
71Ang Lee
43%
44Ron Howard
40%
50Kathryn Bigelow
39%
67Mel Gibson
39%
38Robert Zemeckis
39%
60Kevin Costner
35%
70Ethan and Joel Coen
34%
54Alfonso Cuarón
33%
38Robert Redford
32%
38Sam Mendes
32%
52Oliver Stone
31%
45Roman Polanski
29%
48Danny Boyle
27%

Score Distribution

Percentile by Number Answered

Percent of People with Each Score

Your Score History

You have not taken this quiz